• 首页
  • 本馆介绍
  • 公告通知
  • 最新文献
  • 馆藏检索
  • 电子资源
  • 读者导购
  • 参考咨询
  • 我的图书馆
  • 登录
  • 详细信息显示
  • 放入我的书架
  • 预约/预借图书
  • 作者相关作品
  • 分类相关作品
  • 丛书相关作品
  • 出版社相关作品

书目信息

  • 表格格式
  • 工作单格式
  • 卡片格式
题名:
学校用电安全与教育活动
    
 
作者: 李英丽 , 胡元斌 编著
分册:  
出版信息: 合肥   安徽人民出版社  2015
页数: 213页
开本: 23cm
丛书名: 最新学校与教育系列丛书
单 册:
中图分类: G637.4 , TM92
科图分类:
主题词: 学校管理--xue xiao guan li--用电管理--安全管理--中小学
电子资源:
ISBN: 978-7-212-05014-6
000 01023nam 2200289 45
001 012001000781
005 20131024173541.0
010    @a978-7-212-05014-6@dCNY27.60
099    @aCAL 012012235185
100    @a20120824d2012 em y0chiy50 ea
101 0  @achi
102    @aCN@b340000
105    @ay z 000yy
106    @ar
200 1  @a学校用电安全与教育活动@Axue xiao yong dian an quan yu jiao yu huo dong@f李英丽, 胡元斌编著
210    @a合肥@c安徽人民出版社@d2015
215    @a213页@d23cm
225 2  @a最新学校与教育系列丛书@Azui xin xue xiao yu jiao yu xi lie cong shu
330    @a本书主要涵盖安全用电基本常识、电器安全基本常识、电器使用注意事项、安全防护基本常识、安全自救基本常识等内容。
410  0 @12001@a最新学校与教育系列丛书
606 0  @a学校管理@Axue xiao guan li@x用电管理@x安全管理@x中小学
690    @aG637.4@v5
690    @aTM92@v5
701  0 @a李英丽@Ali ying li@4编著
701  0 @a胡元斌@Ahu yuan bin@4编著
801  0 @aCN@b江苏凤凰@c20191020
905    @b1221304-7@dG637.4@e1627@f4
    
    学校用电安全与教育活动/李英丽, 胡元斌编著.-合肥:安徽人民出版社,2015
    213页;23cm.-(最新学校与教育系列丛书)
    
    
    ISBN 978-7-212-05014-6:CNY27.60
    本书主要涵盖安全用电基本常识、电器安全基本常识、电器使用注意事项、安全防护基本常识、安全自救基本常识等内容。
●
相关链接 在E读中查询图书 在五车中查询图书 在当当中查询图书 在豆瓣中查询图书


正题名:学校用电安全与教育活动     索取号:G637.4/1627         预约/预借

序号 登录号 条形码 馆藏地/架位号 状态 备注
1 1221304   212213040   第一样本阅览室/ [索取号:G637.4/1627] 在馆    
2 1221305   212213059   教育系资料室/ [索取号:G637.4/1627] 在馆    
3 1221306   212213068   教育系资料室/ [索取号:G637.4/1627] 在馆    
4 1221307   212213077   第四借阅区/ [索取号:G637.4/1627] 在馆    
唐山师范学院图书馆 欢迎您!
大连网信软件有限公司© 版权所有